000 00449nam a22001337a 4500
003 OSt
082 _a631
088 _aT567
100 _aATHIRA V S
_94239
245 _aDEVELOPMENT AND EVALUATION OF A WEEDICIDE APPLICATOR FOR POWERED PADDY DRUM SEEDER ATTACHMENT TO A RIDING-FLOAT TYPE SELF- PROPELLED UNIT
260 _aThavanur
_DDepartment of farm machinery and power engineering
_c2023
700 _aManoj Mathew (Guide)
_94211
942 _cTH
999 _c17650
_d17650